| 000 | 01448nam a22002777a 4500 | ||
|---|---|---|---|
| 003 | PE SENCICO BE | ||
| 005 | 20251020182641.0 | ||
| 008 | 230911b |||||||| |||| 00| 0 eng d | ||
| 020 | _a978-84-617-9436-2 | ||
| 040 |
_aPE SENCICO BE _cPE SENCICO BE |
||
| 041 |
_aspa _aeng |
||
| 082 |
_aR 729 _bA |
||
| 245 | 1 |
_a50 urban blocks / _cA + T Architecture publishers |
|
| 250 | _a[1a ed.] | ||
| 260 |
_aSin lugar : _ba+t architecture publishers, _c[2017] |
||
| 300 |
_a[50 tarjetas] : _bdiagramas, _c8 x 13 cm. |
||
| 440 |
_92020 _a A + T Density series |
||
| 500 | _aCatálogo de 50 manzanas urbanas | ||
| 520 | _aEste juego de cartas contiene ejemplos de como diseñar una manzana urbana. Cada tarjeta propone una posible forma urbana junto con medidas y datos de densidad, incluyendo planos de planta, exposición a sol, cobertura y superficie construida y ocupada por planta. Las unidades se proporcionan en pies y metros y los diagramas axonómetros ofrecen un complemento visual claro a los datos,ilustrando las diversas disposiciones espaciales. Con tantos tipos de bloques urbanos reunidos en un formato único y fácil de usar , el conjunto ofrece inspiración para arquitectos, diseñadores y urbanistas de todo el mundo. | ||
| 650 | 1 | 0 |
_918 _aDiseño arquitectónico |
| 650 | 2 | 0 |
_9528 _aPlanificación urbana |
| 650 | 2 | 0 |
_9762 _aDiseño urbano |
| 650 | 2 | 0 |
_9570 _aArquitectura urbana |
| 910 |
_bhfp _chfp |
||
| 942 |
_2ddc _cLIB |
||
| 999 |
_c4292 _d4292 |
||